000
00293 a2200133 4500
020
_a
9780545374675
041
_a
spa
100
_a
Miles, Ellen
245
_a
Cachorritos : Pintas
500
_a
"todos los perritos necesitan un hogar"--Cover
942
_c
BK
999
_c
8389
_d
8389
999
_d
8389
999
_d
8389